WTA Ranking - Statistics

General Stats
  • This quiz has been taken 84 times
    78 since last reset
  • The average score is 50 of 100
Answer Stats
Position Player Country % Correct
1 Swiatek Poland
100%
4 Jabeur Tunisia
90%
5 Sakkari Greece
88%
6 Sabalenka
86%
3 Badosa Spain
84%
2 Kontaveit Estonia
84%
8 Pegula USA
82%
10 Muguruza Spain
80%
21 Rybakin Kazachstan
80%
17 Bencic Switzerland
78%
13 Gauff USA
78%
18 Kerber Germany
78%
43 Osaka Japan
76%
16 Ostapenko Latvia
76%
11 Raducanu Great Britain
76%
29 Mertens Belgium
73%
7 Pliskova Czech Republic
71%
19 Azarenka
69%
15 Fernandez Canada
69%
20 Halep Romania
69%
14 Krejcikova Czech Republic
69%
54 Zheng China
69%
68 Li USA
67%
48 Haddad Maia Brazil
65%
23 Keys USA
65%
31 Kvitova Czech Republic
63%
67 Linette Poland
63%
37 Svitolina Ukraine
63%
32 Putintseva Kazachstan
61%
75 Garcia France
59%
12 Kasatkina
59%
50 Sherif Egypt
59%
9 Collins USA
57%
24 Kudermetova
57%
22 Teichmann Switzerland
57%
33 Cornet France
55%
92 Frech Poland
55%
52 Tauson Denmark
55%
46 Van Uytvanck Belgium
55%
70 Andreescu Canada
53%
41 Zhang China
53%
26 Giorgi Italy
51%
38 Kanepi Estonia
51%
79 Kostyuk Ukraine
51%
61 Osorio Colombia
51%
39 Sorribes Tormo Spain
51%
47 Stephens USA
51%
34 Cirstea Romania
49%
62 Paolini Italy
49%
28 Samsonova
49%
27 Trevisan Italy
49%
76 Xin. Wang China
49%
73 Martic Croatia
47%
65 Siniakova Czech Republic
47%
45 Tomljanovic Australia
47%
59 Zidansek Slovenia
47%
44 Begu Romania
45%
77 Rus Netherlands
45%
100 Doi Japan
43%
87 Kovinic Montenegro
43%
81 Muchova Czech Republic
43%
90 Vekic Croatia
43%
49 Vondrousova Czech Republic
43%
55 Golubic Switzerland
41%
35 Kalinina Ukraine
41%
30 Alexandrova
39%
83 Pavlyuchenkova
39%
36 Sasnovich
39%
80 Yastremska Ukraine
39%
63 Bondar Hungary
37%
64 Bouzkova Czech Republic
37%
78 Potapova
35%
25 Anisimova USA
33%
74 Liu USA
33%
88 Minnen Belgium
33%
57 Petkovic Germany
33%
53 Ruse Romania
33%
58 Juvan Slovenia
31%
91 Konjuh Croatia
31%
51 Parrizas Diaz Spain
31%
95 Peterson Sweden
31%
40 Riske USA
31%
42 Rogers USA
31%
56 Brengle USA
29%
72 Bronzetti Italy
29%
82 Parry France
29%
98 Udvardy Hungary
29%
85 Dodin France
27%
99 Galfi Hungary
27%
60 Martincova Czech Republic
27%
94 Burel France
24%
69 Gracheva Russia
24%
96 Zhu China
24%
97 Niemeier Germany
22%
71 Cristian Romania
20%
84 Schmiedlova Slovakia
20%
66 Zanevska Belgium
20%
93 Davis USA
18%
86 Kalinskaya
16%
89 Kucova Slovakia
14%
No matching quizzes found
Score Distribution
Percent of People with Each Score
Percentile by Number Answered
Your Score History
You have not taken this quiz since the last reset